| 000 | 00527nam a22001937a 4500 | ||
|---|---|---|---|
| 999 |
_c526539 _d526539 |
||
| 003 | NUST | ||
| 005 | 20190712113559.0 | ||
| 008 | 190712b ||||| |||| 00| 0 eng d | ||
| 038 | _aWaseem | ||
| 082 |
_a891.42108 _bSIN |
||
| 100 |
_aSingh, Rindhir _917557 |
||
| 245 |
_aKagartun Sagar / _cRindhir Singh |
||
| 260 |
_aLahore : _bAl- Raziq Publisher, _c1998. |
||
| 300 | _a248 p. : | ||
| 500 | _aHard cover. | ||
| 880 |
_6100-01\r _aرندھیر سنگھ |
||
| 880 |
_6245-02\r _aکاگرتوں ساگر / |
||
| 942 |
_2ddc _cBK |
||